书目信息 |
| 题名: |
现代电子工程
|
|
| 作者: | ;《国防电子工程》编辑部 编 | |
| 分册: | 第二册 | |
| 出版信息: | 北京 科学出版社 1981 |
|
| 页数: | 523页 | |
| 开本: | 19cm | |
| 丛书名: | ||
| 单 册: | ||
| 中图分类: | TN1 | |
| 科图分类: | ||
| 主题词: | 真空电子技术 , 无线电电子学--现代 | |
| 电子资源: | ||
| ISBN: | ||
| 000 | 00740nam0 2200241 45 | |
| 001 | 0181003721 | |
| 005 | 20060511085256.14 | |
| 010 | @dCNY1.70 | |
| 091 | @a15031.322 | |
| 100 | @a19950406f19811984emky0chiy0121 ea | |
| 101 | 0 | @achi |
| 102 | @aCN@b110000 | |
| 105 | @ay z 000yy | |
| 200 | 10 | @a现代电子工程@Axian dai dian zi gong cheng@h第二册@f《国防电子工程》编辑部编@F《guo fang dian zi gong cheng》bian ji bu bian |
| 210 | @a北京@c科学出版社@d1981 | |
| 215 | @a523页@d19cm | |
| 606 | 0 | @a真空电子技术 |
| 606 | @a无线电电子学@z现代 | |
| 690 | @aTN1@v4 | |
| 711 | 0 | @a《国防电子工程》编辑部@A《guo fang dian zi gong cheng》bian ji bu@4编 |
| 801 | 2 | @aCN@bNLC@c20060511 |
| 801 | 0 | @aCN@b上海图书馆@c20060426 |
| 905 | @dTN1@e18:2 | |
| 现代电子工程.第二册/《国防电子工程》编辑部编.-北京:科学出版社,1981 |
| 523页;19cm |
| ISBN :CNY1.70 |
| ● |
| 相关链接 |
|
|
|
|
正题名:现代电子工程
索取号:TN1/18:2
 
预约/预借
| 序号 | 登录号 | 条形码 | 馆藏地/架位号 | 状态 | 备注 |
| 1 | 0015609 | 001349311 | 第二样本阅览室/ [索取号:TN1/18:2] | 在馆 | |
| 2 | 0068594 | 202289120 | 密集书库/ [索取号:TN1/18:2] | 在馆 | |
| 3 | 0068595 | 202313362 | 密集书库/ [索取号:TN1/18:2] | 在馆 | |
| 4 | 0068596 | 202161418 | 密集书库/ [索取号:TN1/18:2] | 在馆 | |
| 5 | 0157088 | 001349357 | 第三借阅区/ [索取号:TN1/18:2] | 在馆 |